000
00241nam a2200097Ia 4500
001
1223568
005
20251205152930.0
008
250824s9999 xx 000 0 und d
245
0
_a
İÇİMİZDEKİ YILDIZLAR
_c
EMEL CAN
260
_b
ATLIKARINCA
999
_c
1223568
_d
1223568